Medicare HMOs : rapid enrollment growth concentrated in selected states : report to the Honorable John F. Kerry, U.S. Senate /

Bibliographic Details
Corporate Author: United States. General Accounting Office
Format: Government Document Microform Book
Language:English
Published: Washington, D.C. : The Office ; [1996]
Subjects:
Online Access:Adobe Acrobat Reader required

MARC

Tag First Indicator Second Indicator Subfields
LEADER 00000cam a2200000 a 4500
001 in00001403637
007 he bmb024bbca
008 970808s1996 dcuab bb f000 0 eng c
005 20230331145547.7
035 |a (OCoLC)ocm37436869 
035 |9 AHM3216AM 
035 |a in00001403637 
037 |a 156217  |b GAO (202) 512-6000 (Voice); (301) 258-4066 (Fax)  |f paper copy 
040 |a GPO  |c GPO  |d OCL  |d GPO  |d DLC  |d MvI  |d UtOrBLW 
042 |a pcc 
043 |a n-us--- 
049 |a UMIC 
049 |a WWW 
074 |a 0546-D (MF) 
074 |a 0546-D (online) 
086 0 |a GA 1.13:HEHS-96-63 
088 |a GAO/HEHS-96-63 
088 |a B-232994 
110 1 |a United States.  |b General Accounting Office. 
245 1 0 |a Medicare HMOs :  |b rapid enrollment growth concentrated in selected states : report to the Honorable John F. Kerry, U.S. Senate /  |c United States General Accounting Office. 
246 3 0 |a Rapid enrollment growth concentrated in selected states 
264 1 |a Washington, D.C. :  |b The Office ;  |c [1996] 
264 2 |a Gaithersburg, MD (P.O. Box 6015, Gaithersburg 20884-6015) :  |b The Office [distributor], 
300 |a 39 pages :  |b illustrations, maps ;  |c 28 cm. 
336 |a text  |b txt  |2 rdacontent 
337 |a microform  |b h  |2 rdamedia 
338 |a microfiche  |b he  |2 rdacarrier 
500 |a Cover title. 
500 |a Shipping list number: 97-0684-M. 
500 |a "January 1996." 
500 |a Distributed to depository libraries in microfiche. 
504 |a Includes bibliographical references. 
500 |a "GAO/HEHS-96-63." 
500 |a "B-232994"--P. 1. 
533 |a Microfiche.  |b [Washington, D.C.] :  |c U.S. General Accounting Office,  |d [1996?]  |e 1 microfiche : negative. 
530 |a Also available via Internet from the GPO Access web site. Address as of 5/1/2001: http://frwebgate.access.gpo.gov/cgi-bin/getdoc.cgi?dbname=gao&docid=f:he96063.pdf; current access is available via PURL. 
500 |a Microform. 
650 0 |a Health maintenance organizations  |z United States. 
650 0 |a Managed care plans (Medical care)  |z United States. 
650 0 |a Medicare. 
650 0 |a Health insurance  |z United States. 
776 1 |c Original  |w (DLC) 95135692 
856 4 1 |u https://purl.fdlp.gov/GPO/LPS11770  |z Adobe Acrobat Reader required  |t 0 
999 |a MARS 
999 f f |i 8e44431c-11d7-32ba-ad53-0336b1fc85f7  |s df68e9a6-c447-3a9c-91ad-e9a392155ea4  |t 0 
952 f f |p normal  |a Texas A&M University  |b College Station  |c Sterling C. Evans Library  |d Evans: US Documents Microfiche (3rd floor)  |t 0  |e GA 1.13:HEHS-96-63  |h Superintendent of Documents classification  |i microform -- microfiche  |m A14821269763 
952 f f |a Texas A&M University  |b College Station  |c Electronic Resources  |d Available Online  |t 0  |e GA 1.13:HEHS-96-63  |h Superintendent of Documents classification 
998 f f |a GA 1.13:HEHS-96-63  |t 0  |l Available Online 
998 f f |a GA 1.13:HEHS-96-63  |t 0  |l Evans: US Documents Microfiche (3rd floor)